Statistics for Largest cities in Togo

Click here to take the quiz!

General Stats

  • This quiz has been taken 161 times
  • The average score is 3 of 10

Answer Stats

HintAnswer% Correct
#1Lomé
99%
#3Kara
33%
#5Palimé
32%
#2Sokodé
31%
#4Atakpamé
25%
#7Tsévie
22%
#10Dapaong
20%
#6Bassar
18%
#8Aného
15%
#9Sansanné-Mango
8%

Score Distribution

Percentile by Number Answered

Percent of People with Each Score

Your Score History

You have not taken this quiz